000 00868nam a2200217Ia 4500
003 Ost
005 20260507075637.0
008 260507s9999||||xx |||||||||||||| ||und||
040 _cfsecg
041 _aara
082 _a512
100 _aالجندي، مصطفى أحمد
_eمؤلف
245 0 _aمبادئ الجبر الحديث /
_c مصطفى أحمد الجندي
260 _aبيروت:
_bدار الراتب الجامعية,
_c[د.ت.]
300 _a230 صفحة؛
_bإيضاحات ؛
_c24 سم
490 _aسلسلة مجموعة كتب الرياضيات
_v1
520 _aالكسور الجزئية- نظرية ذات الحدين- نظرية المعادلات- المحددات- المصفوفات- حاصل ضرب القياسي والإتجاهي- الحذف
653 _aالجبر
653 _aالرياضيات
942 _cكتاب
999 _c45316
_d45316